000 00837nam a2200253Ia 4500
003 OSt
005 20220930192628.0
006 a|||||r|||| 00| 0
007 ta
008 220926b |||||||| |||| 00| 0 eng d
024 _a10422
037 _cDissertations
040 _aCRL
_cCRL
_beng
041 _2eng
_aeng
100 _aKoley Gaytri
_9561423
110 _aUniversity of Delhi. Faculty of Medical Sciences. Department of Paediatrics
245 0 _aCell mediated immune response in pulmonary tuberculosis
_b A clinico-immunological study
260 _c1996
650 _aCHILDREN - DISEASES
700 _a Dr P K Sarkar Supervisor
700 _aUniversity of Delhi. Faculty of Medical Sciences. Department of Paediatrics
942 _cDIS
_2CC
999 _c895422
_d895422